Disney-Prinzessinnen an ihrer Kleidung erraten - Statistiken

Allgemein
  • Dieses Quiz wurde 549 mal gespielt
  • Das Durchschnittsergebnis liegt bei 9 aus 16
Antwortstatistiken
Bildquiz Antwort % Korrekt
Pocahontas
90%
Cinderella
85%
Mulan
82%
Schneewittchen
75%
Merida
72%
Vaiana
67%
Aurora - Dornröschen
63%
Jasmin - Aladdin
60%
Elsa - Die Eiskönigin
59%
Anna - Die Eiskönigin
57%
Belle - Die Schöne und das Biest
56%
Tiana - Küss den Frosch
54%
Rapunzel - Rapunzel neu verföhnt
48%
Vanellope - Ralph reichts
35%
Esmeralda - Der Glöckner von Notre Dame
31%
Kida - Atlantis das versunkene Königreich
1%
Keine übereinstimmenden Quizze gefunden
Verteilung der Resultate
Anzahl Personen mit jedem Resultat
Perzentil nach korrekt beantworteten Fragen
Ihre Resultats-Entwicklung
Sie haben dieses Quiz noch nicht gespielt